Monitoring the beach Moin to control morphological changes due the construction of the Moin Container Terminal Limon
Na minha lista:
| Autor principal: | |
|---|---|
| Outros Autores: | , |
| Formato: | Livro |
| Idioma: | English |
| Publicado em: |
2016
|
| Assuntos: | |
| Tags: |
Adicionar Tag
Sem tags, seja o primeiro a adicionar uma tag!
|
MARC
| LEADER | 00000nam a22000007a 4500 | ||
|---|---|---|---|
| 003 | AI-001 | ||
| 005 | 20230921134602.0 | ||
| 008 | 180111b2016 cr a ||| |||| 00| ||eng d | ||
| 040 | |c cru CEDI | ||
| 090 | |a 627.58 A385m | ||
| 100 | |9 903 |a Alfaro Chavarría, Henry Gustavo, 1975- | ||
| 245 | |a Monitoring the beach Moin to control morphological changes due the construction of the Moin Container Terminal Limon | ||
| 260 | |c 2016 | ||
| 300 | |a 8 hojas ; ilustraciones a color, mapas | ||
| 500 | |a A la cabeza de la portada: Proceedings of the 6th International Conference on the Application of Physical Modelling in Coastal and Port Engineering and Science (Coastlab16). Ottawa, Canada, May 10-13, 2016 | ||
| 650 | |x AVIONES SIN PILOTO |x COSTAS |x MOIN (LIMON, COSTA RICA) - PUERTOS |x COSTAS - INVESTIGACIONES - LIMON (COSTA RICA) |x FOTOGRAMETRIA |9 10814 | ||
| 700 | |9 123 |a Govaere Vicarioli, Georges, 1972- | ||
| 700 | |9 904 |a Víquez Acosta, Ronald Andrés, 1987- | ||
| 942 | |2 ddc |c CEDI | ||
| 999 | |c 19422 |d 19422 | ||
